000
00286nam a22001337a 4500
008
170406b xxu||||| |||| 00| 0 eng d
020
_a
9780815340935
041
_a
eng
080
_a
575
100
_a
9
101
_a
SHM
245
_a
THE IMMUNE SYSTEM
_c
PARHAM.P
942
_2
udc
_c
BK
999
_c
10001
_d
10001